Biblioteca y Centro de Documentación

Arab Spring and Peripheries (Registro nro. 46385)

Detalles MARC
000 -CABECERA
Longitud fija campo de control 01115naa a2200325 c 4500
001 - NÚMERO DE CONTROL
Número de control 46385
003 - IDENTIFICADOR DE NÚMERO DE CONTROL
Identificador del número de control ES-MaCES
005 - FECHA Y HORA DE LA ÚLTIMA TRANSACCIÓN
Fecha y hora de la última transacción 20151007101732.0
008 - CAMPO FIJO DE DESCRIPCIÓN FIJA--INFORMACIÓN GENERAL
Códigos de información de longitud fija   150911s2015 uk ||||| t||||||| ||eng d
040 ## - FUENTE DE CATALOGACIÓN
Centro catalogador de origen ES-MaCES
Lengua de catalogación spa
Centro transcriptor ES-MaCES
Centro modificado ES-MaCES
245 00 - MENCIÓN DE TÍTULO
Título Arab Spring and Peripheries
Mención de responsabilidad, etc. Guest Editors: Lorenzo Kamel and Daniela Huber
650 #4 - ASIENTO SECUNDARIO DE MATERIA--TÉRMINO DE MATERIA
9 (RLIN) 29901
Término de materia o nombre geográfico como elemento inicial movimiento político
650 #4 - ASIENTO SECUNDARIO DE MATERIA--TÉRMINO DE MATERIA
9 (RLIN) 29389
Término de materia o nombre geográfico como elemento inicial revolución
650 #4 - ASIENTO SECUNDARIO DE MATERIA--TÉRMINO DE MATERIA
9 (RLIN) 27201
Término de materia o nombre geográfico como elemento inicial régimen político
650 #4 - ASIENTO SECUNDARIO DE MATERIA--TÉRMINO DE MATERIA
9 (RLIN) 27307
Término de materia o nombre geográfico como elemento inicial conflicto social
650 #4 - ASIENTO SECUNDARIO DE MATERIA--TÉRMINO DE MATERIA
9 (RLIN) 27244
Término de materia o nombre geográfico como elemento inicial problema político
650 #4 - ASIENTO SECUNDARIO DE MATERIA--TÉRMINO DE MATERIA
9 (RLIN) 27175
Término de materia o nombre geográfico como elemento inicial democracia
650 #4 - ASIENTO SECUNDARIO DE MATERIA--TÉRMINO DE MATERIA
9 (RLIN) 26973
Término de materia o nombre geográfico como elemento inicial país árabe
650 #4 - ASIENTO SECUNDARIO DE MATERIA--TÉRMINO DE MATERIA
9 (RLIN) 26847
Término de materia o nombre geográfico como elemento inicial Túnez
650 #4 - ASIENTO SECUNDARIO DE MATERIA--TÉRMINO DE MATERIA
9 (RLIN) 26806
Término de materia o nombre geográfico como elemento inicial Egipto
650 #4 - ASIENTO SECUNDARIO DE MATERIA--TÉRMINO DE MATERIA
9 (RLIN) 31461
Término de materia o nombre geográfico como elemento inicial Siria
650 #4 - ASIENTO SECUNDARIO DE MATERIA--TÉRMINO DE MATERIA
9 (RLIN) 26826
Término de materia o nombre geográfico como elemento inicial Marruecos
650 #4 - ASIENTO SECUNDARIO DE MATERIA--TÉRMINO DE MATERIA
9 (RLIN) 26841
Término de materia o nombre geográfico como elemento inicial Sahara Occidental
653 10 - TÉRMINO DE INDEXACIÓN--NO CONTROLADO
Término no controlado Ciencias Sociales-Políticas
700 1# - ENCABEZAMIENTO SECUNDARIO--NOMBRE PERSONAL
9 (RLIN) 36086
Nombre de persona Kamel, Lorenzo
700 1# - ENCABEZAMIENTO SECUNDARIO--NOMBRE PERSONAL
9 (RLIN) 36087
Nombre de persona Huber, Daniela
773 0# - ENTRADA DE DOCUMENTO FUENTE
Itemnumber del ítem fuente 83353
Lugar, editor y fecha de publicación London Frank Cass
Otro identificador del documento 086252
Título Mediterranean politics
Número de control del registro relacionado (ES-MaCES)25926
Parte(s) relacionada(s) vol. 20, no. 2 (July 2015) {55/964 R. 086252} ; 302 p.
902 ## - CES. TIPO DE DOCUMENTO
Tipodoc (006$c Sirtex) MON Monográfico de revista
942 ## - ELEMENTOS KOHA
Fuente de clasificaión o esquema Clasificación propia del CES
Koha [por defecto] tipo de item Artículos (1982-2017)
Parte de clasificación Ciencias Sociales Politicas Empresariale

No hay ítems disponibles.

© CES, Consejo Económico y Social de España 2021